000 00863nas a2200289 4500
001 BR0701453
003 BR-BrBNA
005 20231205110645.0
007 ta
008 230509b bl.|||p| |||| 00| 00por d
040 _aBR-BrBNA
_bpor
_cBiblioteca Nacional de Agricultura
041 _a(Pt)
072 _aM12; L52
100 1 _aFeiden, A.
100 1 _aHayashi, C.
100 1 _aBoscolo, W.R.
245 1 _aDesenvolvimento de larvas de surubim-do-iguaçu (Steindachneridion melanodermatum)submetidas a diferentes dietas
650 _aSURUBIM
650 _aLARVA
650 _aDIETA
650 _aRAÇÃO
650 _aARTEMIA
650 _aPERFORMANCE
773 0 _tRevista Brasileira de Zootecnia (Brazil)
_xISSN 1516-3598
_g(Nov-Dec 2006), v. 35(6) p. 2203-2210
_wBR0701453
909 _a202311
_bLúcia
_c55
_dLúcia Elande
942 _2AGRIS
_n0
_cANA
999 _c188400
_d188400